| 000 | 00612nam 22002533 4500 | ||
|---|---|---|---|
| 001 | 198997 | ||
| 021 |
_aPT _b3656/83 |
||
| 090 | _a198997 | ||
| 100 | _a20251112d u||y0pory50 ba | ||
| 101 | _apor | ||
| 102 | _aPT | ||
| 200 |
_aO Jazz _fMorley Jones _gtradução Manuel Ruas |
||
| 205 | _a1ª | ||
| 210 |
_aLisboa _cD. Quixote _d1984 |
||
| 215 |
_a263 p. _cbrochado _d23 cm |
||
| 225 |
_aConhecer Melhor _v2 |
||
| 606 |
_91103 _aMúsica |
||
| 610 | _aJazz | ||
| 675 | _a785 | ||
| 700 |
_914905 _aJones _bMorley |
||
| 702 |
_913136 _aRuas _bManuel |
||
| 801 |
_aPT _bBMMN _gRPC |
||
| 830 |
_cAna _fAna |
||
| 990 | _cLIVROS | ||